MACHINABILITY OF ALUMINIUM ALLOYS REINFORCED WITH Al2O3 OR SiC PARTICLES

Bibliographic Details
Main Authors: Król, Grzegorz (Author), Jankowiak, Marian (Author)
Format: Article
Language:English
ISBN:8022707821

MARC

LEADER 00000naa a2200000uu 4500
001 vtls010945905
003 SK-MaSNL
005 20260302121942.0
008 210902|1995 xo |||||||||||||||||eng|
015 |a SNBRA 
035 |a (urnnbn)urn:nbn:sk:snk:ar-a0bfma 
035 |a (uuid)4b2dfcfd-70af-4beb-9a71-dd68d3150816 
035 |a urn:nbn:sk:snk-aau7sl 
040 |a SNKBUCL  |b slo  |c SNKBUCL  |e AACR2 
041 0 |a eng 
044 |a xo  |c SK 
100 1 |a Król, Grzegorz  |4 aut  |9 804820 
245 1 0 |a MACHINABILITY OF ALUMINIUM ALLOYS REINFORCED WITH Al2O3 OR SiC PARTICLES  |c Grzegorz Król, Marian Jankowiak 
700 1 |a Jankowiak, Marian  |4 aut  |9 804821 
773 0 |t Technológia '95  |d Bratislava : Slovenská technická univerzita, 1995  |g S. 473-476  |z 8022707821 
958 |a OND 
958 |a article11 
958 |a chapter 
999 |c 1275901  |d 1277831